Potato Talk /

I tiakina i:
Ngā taipitopito rārangi puna kōrero
Kaituhi matua: Rees, Ennis (autor)
Ētahi atu kaituhi: Mack, Stanley (ilustración) (ilustración)
Hōputu: Pukapuka
Reo:Ingarihi
I whakaputaina: Nueva York, EUA : Random House, 1974, c1974
Rangatū:(Pinwheel Book)
Ngā marau:
Ngā Tūtohu: Tāpirihia he Tūtohu
Kāore He Tūtohu, Me noho koe te mea tuatahi ki te tūtohu i tēnei pūkete!

MARC

LEADER 00000nam^a2200000^a^4500
001 000022784
005 20250521000000.0
009 20260310084509.605
020 |a 0-394-82800-3 
037 |a Acervo ITESO - Biblioteca 
041 |a ING 
082 |a 808. 899282  |b REE 
100 |a Rees, Ennis  |e (autor) 
245 1 0 |a Potato Talk /  |c E. Rees ; il. de S. Mack. 
264 4 |a Nueva York, EUA :  |b Random House,  |c 1974, c1974 
300 |a 1 v. (sin paginación) 
336 |a texto  |b txt  |2 rdacontenido 
337 |a sin mediación  |b n  |2 rdamedio 
338 |a volumen  |b nc  |2 rdasoporte 
440 1 |a (Pinwheel Book) 
649 |a XX 
650 |a Cuentos Infantiles 
650 |a Cuentos Norteamericanos 
650 |a Literatura Norteamericana -  |y Siglo XX 
650 |a Literatura Infantil -  |z EUA 
650 |a Ilustración de Libros y Manuscritos -  |z EUA 
700 |a Mack, Stanley  |e (ilustración) 
910 |a Fondo General 
920 |a Impresos - Libros 
930 |a Colección General 
940 |a Literatura 
905 |a 101 
901 |a 0227840100  |b IT1  |c LIT  |i 022784  |u 20250521 
902 |a https://opac.biblio.iteso.mx/vufind/Record/000022784